The shipwrecked sailor : a tale from ancient Egypt

محفوظ في:

المؤلف الرئيسي: John L. Foster

مؤلفون آخرون: Lyla Pinch Brock

التنسيق: كتاب

اللغة: Undetermined

منشور في: Cairo American University in Cairo Press, 1998

الوسوم: إضافة وسم

لا توجد وسوم, كن أول من يضع وسما على هذه التسجيلة!

رقم الطلب: (P)PJ1945 .S54

LEADER 00413nam a2200145Ia 4500
008 240503s9999||||xx |||||||||||||| ||und||
020 |a 9789774244322 
050 4 |a (P)PJ1945 .S54 
100 1 |a John L. Foster 
245 1 4 |a The shipwrecked sailor : a tale from ancient Egypt  
264 1 |a Cairo  |b American University in Cairo Press,  |c 1998 
300 |a 40  |c 21 
700 1 |a Lyla Pinch Brock 
942 |2 lcc  |c PT 
999 |c 58269  |d 58269